000
00305nam a2200121Ia 4500
008
210430s9999 xx 000 0 und d
082
_a
662 K511 E
100
_a
Springer
_9
52118
245
_a
Explosive Shocks in Air
_c
Springer
260
_a
New york
_b
Springer
_c
1985
300
_a
136p
942
_c
BK
_2
ddc
999
_c
563348
_d
563348